| 000 | 00398nam a2200157 a 4500 | ||
|---|---|---|---|
| 005 | 20140414132123.0 | ||
| 008 | 131216s19uu xx 00 eng d | ||
| 020 | _a978039490914 | ||
| 050 |
_aER _bAle374 1997 |
||
| 100 | _aLioni, Leo | ||
| 245 | _aAlexander and the wind-up mouse. | ||
| 260 |
_aNew York : _bRandom House, _cc1997. |
||
| 300 | _a30 | ||
| 650 |
_aMouse _xfiction |
||
| 999 |
_c115131 _d115131 |
||